Statistiques concernant Harry Potter: le Quidditch à Travers les Ages

Cliquez ici pour prendre le quiz!

Statistiques générales

  • Ce quiz a été pris 23 fois
  • Le résultat moyen est 3 sur 5

Statistiques - réponses

InformationRéponses% Correct
Première apparitionHarry Potter à l'école des sorciers
100%
Dernière apparitionHarry Potter à l'école des sorciers
100%
AuteurKennilworthy Whisp
29%
Date de publication1952
18%
Maison d'éditionWhizzHard Books
12%

Distribution des résultats

Percentile par nombre de réponses

% des personnes avec chaque résultat

Votre développement - résultats

Vous n’avez pas pris ce quiz